| 000 | 01089nam a2200241Ia 4500 | ||
|---|---|---|---|
| 003 | Ost | ||
| 005 | 20260507075627.0 | ||
| 008 | 260507s9999||||xx |||||||||||||| ||und|| | ||
| 020 | _a9789931781470 | ||
| 040 | _cfsecg | ||
| 041 | _aara | ||
| 082 | _a332.41 | ||
| 100 | _eمؤلف | ||
| 245 | 0 |
_aأوقفوا هذا اللص : _bالتضخم ما بين النظرية والواقع / |
|
| 260 |
_aالجزائر: _bالنشر الجامعي الجديد, _c2021 |
||
| 300 |
_a244 صفحة؛ _bإيضاحات ؛ _c24 سم |
||
| 504 | _aمراجع ص.221 | ||
| 520 | _aالتضخم و استقرار الأسعار,توقع واستهداف التوقع,طبع النقود وفجوة النقد والتضخم مع قياس التضخم الكينزي والتضخم المستورد ,وهناك أيضا تعقيم,المضاعف, عجز الموازنة ,وتفضيل السيولة والإقتصاد الموازي في التضخيم | ||
| 653 | _aالأسعار | ||
| 653 | _aالتضخم المالي | ||
| 653 | _aالسياسة المالية | ||
| 942 | _cكتاب | ||
| 999 |
_c45179 _d45179 |
||